<The> assumption of equilibrium in the analysis of migration and interregional differences: A review of some recent research.

Otázky plauzibility predpokladu medzioblastnej rovnováhy vo výskume migrácie a odhad atraktívnosti prostredia v USA. Analýza rovnováhy medzioblastných diferencií. Dokazovanie existencie konzistentných a kontinuitných migračných tokov v prípade statickej rovnováhy oblastného sytému.

Salvato in:
Dettagli Bibliografici
Autore principale: Evans, A.W
Natura: Capitolo di libro
Lingua:inglese
Soggetti:
Tags: Aggiungi Tag
Nessun Tag, puoi essere il primo ad aggiungerne!!

MARC

LEADER 00000naa a2200000 4500
001 r002797
005 20220819193522.0
041 0 |a eng 
044 |a US 
245 1 0 |a <The> assumption of equilibrium in the analysis of migration and interregional differences: A review of some recent research.  |c A.W. Evans 
520 |a Otázky plauzibility predpokladu medzioblastnej rovnováhy vo výskume migrácie a odhad atraktívnosti prostredia v USA. Analýza rovnováhy medzioblastných diferencií. Dokazovanie existencie konzistentných a kontinuitných migračných tokov v prípade statickej rovnováhy oblastného sytému. 
610 2 0 |a migrácia 
610 2 0 |a regióny 
610 2 0 |a USA 
610 2 0 |a rovnováha statická 
610 2 0 |a mzdy 
610 2 0 |a výskum 
610 2 0 |a porovnanie štatistické 
100 1 |a Evans, A.W.